000
00497nam a2200145Ia 4500
008
100204s9999 xx 000 0 und d
082
_b
16
100
_a
कवठेकर दत्त रघनाथ
245
_a
आभाळाची सावली
260
_b
"कुलकर्णी गं्रथागार , पुणे"
_c
"1967,4"
300
_a
396
630
_a
आभाळाची सावली
730
_a
आभाळाची सावली
942
_c
BOOK
999
_c
445213
_d
445210